000
00320nam a22001457a 4500
008
221122b ||||| |||| 00| 0 eng d
020
_a
9781556484193
041
_a
eng
080
_a
004
082
_a
004 CHI
100
_a
18
101
_a
SHKP
245
_a
ICN-10-CM AND ICD-10-PCS
_c
CHISEN L N
942
_2
udc
_c
BK
999
_c
59003
_d
59003